Control systems engineering / (Record no. 13598)
[ view plain ]
| 000 -LEADER | |
|---|---|
| fixed length control field | 00736nam a22001937a 4500 |
| 008 - FIXED-LENGTH DATA ELEMENTS--GENERAL INFORMATION | |
| fixed length control field | 100307s2008 nju|||||r|||| 001 0 eng d |
| 020 ## - INTERNATIONAL STANDARD BOOK NUMBER | |
| International Standard Book Number | 9780470169971 |
| 082 ## - DEWEY DECIMAL CLASSIFICATION NUMBER | |
| Edition number | 22 |
| Classification number | 629.8 |
| Item number | NIS |
| 100 ## - MAIN ENTRY--PERSONAL NAME | |
| 9 (RLIN) | 12315 |
| Personal name | Nise, Norman S. |
| 245 ## - TITLE STATEMENT | |
| Title | Control systems engineering / |
| Statement of responsibility, etc | Norman S. Nise |
| 250 ## - EDITION STATEMENT | |
| Edition statement | 5th ed., International Student version |
| 260 ## - PUBLICATION, DISTRIBUTION, ETC. (IMPRINT) | |
| Place of publication, distribution, etc | Hoboken, NJ: |
| Name of publisher, distributor, etc | Wiley, 2008 |
| Date of publication, distribution, etc | 2008 |
| 300 ## - PHYSICAL DESCRIPTION | |
| Extent | xviii, 861 p. : |
| Other physical details | ill. ; |
| Dimensions | 26 cm. |
| 504 ## - BIBLIOGRAPHY, ETC. NOTE | |
| Bibliography, etc | Includes bibliographical references and index. |
| 650 ## - SUBJECT ADDED ENTRY--TOPICAL TERM | |
| 9 (RLIN) | 12316 |
| Topical term or geographic name as entry element | Automatic control |
| 650 ## - SUBJECT ADDED ENTRY--TOPICAL TERM | |
| 9 (RLIN) | 12317 |
| Topical term or geographic name as entry element | Systems engineering |
| 942 ## - ADDED ENTRY ELEMENTS (KOHA) | |
| Source of classification or shelving scheme | Dewey Decimal Classification |
| Item type | NB - Book (Non borrowing) |
| Withdrawn status | Item status | Source of classification or shelving scheme | Damaged status | Not for loan | Vendor | Home library | Current library | Shelving location | Date acquired | Source of acquisition | Total Checkouts | Full call number | Barcode | Date last seen | Date last borrowed | Koha item type |
|---|---|---|---|---|---|---|---|---|---|---|---|---|---|---|---|---|
| Dewey Decimal Classification | Baccah | Central Library | Central Library | First floor | 07/03/2010 | Purchase | 1 | 629.8 NIS | 000020109 | 15/07/2025 | 27/03/2017 | NB - Book (Non borrowing) |